000 00300nam a22001337a 4500
008 170804b xxu||||| |||| 00| 0 eng d
020 _a9780072263466
041 _aeng
080 _a004
100 _a33
101 _aSHKI
245 _aMICROSOFT OFFICE ACCESS 2007
_cANDERSON, V
942 _2udc
_cBK
999 _c22733
_d22733